La perspectiva cristiana
保存先:
| 第一著者: | |
|---|---|
| フォーマット: | 図書 |
| 言語: | スペイン語 |
| 出版事項: |
Madrid
Alianza Editorial
1999
|
| 版: | 1a. ed |
| 主題: | |
| タグ: |
タグ追加
タグなし, このレコードへの初めてのタグを付けませんか!
|
MARC
| LEADER | 00000cam a2200000 a 4500 | ||
|---|---|---|---|
| 001 | UCE8228 | ||
| 003 | CL-VaPUC | ||
| 008 | 150728e19990000sp |||||||||||||||||spa|d | ||
| 020 | |a 8420644846 | ||
| 082 | 0 | 4 | |a 261 |b MAR |2 21 |
| 100 | |a Marías, Julián |e autor |9 621963 | ||
| 245 | 1 | 3 | |a La perspectiva cristiana |
| 250 | |a 1a. ed | ||
| 300 | |a 139 p | ||
| 942 | |c BK | ||
| 945 | |d 20150728 02:04:00 |a gsalatino | ||
| 260 | |a Madrid |b Alianza Editorial |c 1999 | ||
| 600 | 0 | |a Dios |9 314467 | |
| 650 | 0 | |a Religión |9 255164 | |
| 650 | 0 | |a Cristianismo |9 257361 | |
| 583 | |a last modification |c 20150728 02:04:00 |k Rodrigo Vera | ||
| 999 | |c 360167 |d 360165 | ||
| 952 | |0 0 |1 0 |3 erb |4 0 |6 261_000000000000000_MAR_1999 |7 0 |8 A |9 469813 |a BIBTEO |b BIBTEO |e Villagrán Garnham, Jorge |i 5186293 |o 261 MAR 1999 |p 5186293 |r 2025-01-17 |w 2019-11-23 |y BK |z Catalogado en:20150728 |k ICR | ||